000 00302nam a2200145Ia 4500
100 _aInfuse Inc
942 _cRB
654 _aTechnology
245 _aTechnology Management
260 _bInfuse Inc
_aNew Delhi
_c1995
082 _a658.562
_bINF
300 _a110
546 _aENGLISH
999 _c24100
_d24100